00922nam a2200229 a 450000100060000000300080000600500170001400800410003103500350007204000420010704100080014908200210015710000330017824500910021126000680030230000350037049000650040550000860047065000380055670000430059474000550063719711BD-RjUL20211209000452.0140225s1951 enka 000 0 eng d a(OCoLC)1131930a(BD-RjUL)19772 aDLCcIWUdm.cdm/cdOCLdBD-RjULbeng aeng00a821.53bPOE 19511 aPope, Alexander,d1688-1744.10aEpistles to several persons (Moral essays) /cAlexander Pope ; edited by F.W. Bateson. aLondon :bMethuen ;aNew Haven :bYale University Press,c1951. aliii, 190 p. :bill. ;c23 cm.1 aTwickenham edition of the poems of Alexander Pope ;vv. 3(2) aPublished in 1781 under title: Moral essays: in four epistles to several persons.072SLSHaEpistolary poetry, English.1 aBateson, Frederick Wilse,d1901-1978 .0 aMoral essays : in four epistles to several persons